Job creation and destruction /
Concepts, measurement and data. Basic facts about job creation and destruction. Similarities and differences by industry and other sectors. Differences by size and age of plants and firms. Job flows and business cycles...
Tallennettuna:
| Päätekijä: | |
|---|---|
| Muut tekijät: | , |
| Aineistotyyppi: | Kirja |
| Kieli: | English |
| Julkaistu: |
Cambridge, Mass. :
MIT Press,
1996.
|
| Aiheet: | |
| Tagit: |
Lisää tagi
Ei tageja, Lisää ensimmäinen tagi!
|
| Thư viện lưu trữ: | Mạng thư viện Đại học Đà Nẵng |
|---|
| LEADER | 01406cam a2200421 i 4500 | ||
|---|---|---|---|
| 001 | 000048479 | ||
| 003 | 8197 | ||
| 005 | 20030307144215.0 | ||
| 008 | 010315|1996 vm 000 eng | ||
| 020 | |a 0262540932 | ||
| 040 | |a IRC |c IRC |d IRC | ||
| 041 | 0 | |a eng | |
| 082 | 1 | 4 | |a 331.120973 |b DA-S |
| 100 | 1 | |a Davis, Steven J. | |
| 245 | 0 | 0 | |a Job creation and destruction / |c Steven J. Davis, John C. Haltiwanger, Scott Schuh. |
| 260 | |a Cambridge, Mass. : |b MIT Press, |c 1996. | ||
| 300 | |a xxii, 260 p. : |b ill. ; |c 23cm. | ||
| 520 | 3 | |a Concepts, measurement and data. Basic facts about job creation and destruction. Similarities and differences by industry and other sectors. Differences by size and age of plants and firms. Job flows and business cycles... | |
| 630 | 0 | 4 | |a Business. |
| 630 | 0 | 4 | |a United States. |
| 630 | 0 | 4 | |a Job. |
| 650 | 0 | 4 | |a Job creation |z United States. |
| 650 | 0 | 4 | |a Business cycles |z United States. |
| 650 | 0 | 4 | |a Occupational mobility |z United States. |
| 650 | 0 | 4 | |a Labor market |z United States. |
| 650 | 0 | 4 | |a Business enterprises |x Longitudinal studies |z United States. |
| 700 | 1 | |a Haltiwanger, John C. | |
| 700 | 1 | |a Schuh, Scott. | |
| OWN | |a DUT | ||
| 999 | |a From the UDN01 | ||
| TYP | |a Monograph | ||
| TYP | |a Printed language | ||
| 980 | |a Mạng thư viện Đại học Đà Nẵng | ||


